[Event "Warsaw YMCA Autumn-B 175th"]
[Site "Warsaw"]
[Date "2016.11.04"]
[Round "7"]
[White "Koziol, Pawel"]
[Black "Herman, Monika"]
[Result "1-0"]
[WhiteElo "1855"]
[BlackElo "1773"]
[PlyCount "91"]
[EventDate "2016.09.22"]
[EventType "tourn"]
[EventRounds "13"]
[EventCountry "POL"]
[SourceTitle "EXT 2019"]
[Source "ChessBase"]
[SourceDate "2018.10.10"]
[SourceVersion "1"]
[SourceVersionDate "2018.10.10"]
[SourceQuality "1"]

1. Nf3 d5 2. g3 c6 3. Bg2 Bg4 4. d3 Nd7 5. Nbd2 e6 6. 0-0 Bd6 7. e4 d4 8. h3 Bxf3 9. Qxf3 e5 10. Nc4 Bc7 11. a4 Qe7 12. Qe2 g5 13. c3 c5 14. cxd4 cxd4 15. b4 h6 16. Ba3 Qe6 17. Rfc1 Ne7 18. Rc2 0-0 19. Rac1 Rab8 20. b5 Rfe8 21. Bb4 Kg7 22. Bf3 Nf6 23. Bg4 Nxg4 24. Qxg4 f5 25. exf5 Nxf5 26. Nd2 Bd8 27. Ne4 Kg6 28. Nc5 Qf7 29. Re1 Kg7 30. Rce2 Bc7 31. h4 Kh7 32. Qe4 Kg7 33. Qg4 Kh7 34. hxg5 Rg8 35. f4 exf4 36. gxf4 h5 37. Rh2 Rxg5 38. Qxg5 Rg8 39. Qxg8+ Qxg8+ 40. Rg2 Qc8 41. Ne4 Bxf4 42. Nf6+ Kh6 43. Rg8 Be3+ 44. Rxe3 Qxg8+ 45. Nxg8+ Kg7 46. Re5 1-0

[Event "Warsaw YMCA Autumn-B 175th"]
[Site "Warsaw"]
[Date "2016.10.26"]
[Round "6"]
[White "Herman, Monika"]
[Black "Rusin, Ryszard"]
[Result "1-0"]
[WhiteElo "1773"]
[BlackElo "1731"]
[PlyCount "100"]
[EventDate "2016.09.22"]
[EventType "tourn"]
[EventRounds "13"]
[EventCountry "POL"]
[SourceTitle "EXT 2019"]
[Source "ChessBase"]
[SourceDate "2018.10.10"]
[SourceVersion "1"]
[SourceVersionDate "2018.10.10"]
[SourceQuality "1"]

1. d4 d5 2. c4 e6 3. Nc3 Be7 4. cxd5 exd5 5. Nf3 Nf6 6. Bf4 c6 7. e3 Qb6 8. Rb1 Bf5 9. Bd3 Bxd3 10. Qxd3 0-0 11. 0-0 Nbd7 12. b4 a6 13. Qc2 Qd8 14. a4 Nb6 15. Nd2 Nc4 16. Nxc4 dxc4 17. b5 axb5 18. axb5 Nd5 19. bxc6 bxc6 20. Ne2 c3 21. Bg3 Ra3 22. Rb3 Qa5 23. Rxa3 Qxa3 24. e4 Qb2 25. Qxb2 cxb2 26. exd5 cxd5 27. Nc3 Bf6 28. Be5 Bxe5 29. dxe5 Rc8 30. Na4 Rc2 31. g3 d4 32. Rd1 Kf8 33. Kg2 Ke7 34. Rb1 d3 35. Nxb2 d2 36. Nd1 Rc1 37. Rb7+ Ke6 38. Ne3 Re1 39. Rb6+ Ke7 40. Rd6 f6 41. Rxd2 fxe5 42. Ra2 h6 43. Ra6 Kf7 44. Kf3 Rb1 45. h4 h5 46. Ke4 Rb2 47. f4 Rf2 48. Ra5 Kf6 49. Rxe5 Kg6 50. Rg5+ Kf6 1-0

[Event "Warsaw YMCA Autumn-B 175th"]
[Site "Warsaw"]
[Date "2016.10.06"]
[Round "3"]
[White "Kasperski, Marcin"]
[Black "Herman, Monika"]
[Result "0-1"]
[WhiteElo "1766"]
[BlackElo "1773"]
[PlyCount "104"]
[EventDate "2016.09.22"]
[EventType "tourn"]
[EventRounds "13"]
[EventCountry "POL"]
[SourceTitle "EXT 2019"]
[Source "ChessBase"]
[SourceDate "2018.10.10"]
[SourceVersion "1"]
[SourceVersionDate "2018.10.10"]
[SourceQuality "1"]

1. c4 c5 2. g3 g6 3. Bg2 Bg7 4. Nc3 Nc6 5. a3 a6 6. Rb1 e6 7. b4 cxb4 8. axb4 Nge7 9. Nf3 d5 10. c5 d4 11. Ne4 0-0 12. d3 Nd5 13. Bg5 f6 14. Bd2 b5 15. 0-0 Rf7 16. Qb3 Bf8 17. Rfc1 Bb7 18. h4 h6 19. Qb2 e5 20. h5 g5 21. g4 Bc8 22. Nh2 f5 23. gxf5 Bxf5 24. Nd6 Be6 25. Nxf7 Bxf7 26. Bf3 Ra7 27. Nf1 Be6 28. Ng3 Rf7 29. Ra1 Qc8 30. Be4 Nf4 31. Rf1 Bh3 32. Rfb1 Be6 33. Be1 Bd5 34. e3 Qh3 35. exf4 Bxe4 36. dxe4 gxf4 37. f3 fxg3 38. Qg2 Qxh5 39. Rxa6 Ne7 40. Rb3 Rg7 41. Bxg3 Ng6 42. Kf2 Nf4 43. Qh2 Qf7 44. Rba3 Qc4 45. Bxf4 Qc2+ 46. Kf1 Qd1+ 47. Kf2 Qc2+ 48. Ke1 Qb1+ 49. Ke2 exf4 50. Rd3 Rg1 51. Qf2 Qc2+ 52. Rd2 d3# 0-1

[Event "Warsaw YMCA Summer-A 172nd"]
[Site "Warsaw"]
[Date "2016.08.11"]
[Round "11"]
[White "Herman, Monika"]
[Black "Jarmolowski, Tadeusz"]
[Result "0-1"]
[WhiteElo "1724"]
[BlackElo "1645"]
[PlyCount "118"]
[EventDate "2016.07.01"]
[EventType "tourn"]
[EventRounds "11"]
[EventCountry "POL"]
[SourceTitle "EXT 2019"]
[Source "ChessBase"]
[SourceDate "2018.10.10"]
[SourceVersion "1"]
[SourceVersionDate "2018.10.10"]
[SourceQuality "1"]

1. d4 Nf6 2. Nf3 e6 3. c4 b6 4. g3 Bb7 5. Bg2 Be7 6. Nc3 0-0 7. 0-0 d5 8. cxd5 exd5 9. a4 a5 10. Qc2 Nbd7 11. Rd1 Re8 12. Ne5 c6 13. e4 Rc8 14. Qb3 Nxe5 15. dxe5 Nd7 16. exd5 cxd5 17. Nxd5 Bc5 18. Nf6+ gxf6 19. Bxb7 Rc7 20. Be4 Qe7 21. Qd3 Nxe5 22. Bxh7+ Kg7 23. Qe4 Qe6 24. Bf5 Qb3 25. Bg4 Bxf2+ 26. Kh1 Rc4 27. Qf5 Rxg4 28. Bh6+ Kxh6 29. Qxf6+ Rg6 30. Qf4+ Kg7 31. Qxf2 Qf3+ 32. Qxf3 Nxf3 33. Ra3 Re1+ 34. Rxe1 Nxe1 35. Rc3 Rf6 36. Kg1 Nf3+ 37. Kg2 Nd4 38. Rd3 Nc2 39. Rc3 Nb4 40. g4 Rc6 41. Rb3 Rc2+ 42. Kg3 Rc1 43. h4 Ra1 44. Kf4 Rxa4 45. Kf5 Ra1 46. Rf3 Rb1 47. b3 Nc6 48. Kg5 Nd4 49. Rd3 Nxb3 50. h5 Nc5 51. h6+ Kh7 52. Rf3 Ne4+ 53. Kf5 Rf1 54. Rxf1 Ng3+ 55. Kf6 Nxf1 56. Kxf7 Kxh6 57. Kf6 Ng3 58. g5+ Kh7 59. Kf7 Nf5 0-1

[Event "Warsaw YMCA Summer-A 172nd"]
[Site "Warsaw"]
[Date "2016.07.21"]
[Round "5"]
[White "Wrabel, Antoni"]
[Black "Herman, Monika"]
[Result "0-1"]
[WhiteElo "1635"]
[BlackElo "1724"]
[PlyCount "62"]
[EventDate "2016.07.01"]
[EventType "tourn"]
[EventRounds "11"]
[EventCountry "POL"]
[SourceTitle "EXT 2019"]
[Source "ChessBase"]
[SourceDate "2018.10.10"]
[SourceVersion "1"]
[SourceVersionDate "2018.10.10"]
[SourceQuality "1"]

1. e4 c5 2. Nf3 d6 3. d4 cxd4 4. Nxd4 Nf6 5. Nc3 g6 6. Be3 Bg7 7. Qd2 a6 8. f3 b5 9. g4 Bb7 10. a4 bxa4 11. Rxa4 Nfd7 12. Rb4 Nc5 13. Nb3 a5 14. Bb5+ Nbd7 15. Rc4 Nxb3 16. cxb3 h5 17. g5 0-0 18. f4 Nb6 19. Bxb6 Qxb6 20. Ba4 Rac8 21. Rxc8 Rxc8 22. Nd5 Bxd5 23. exd5 Bd4 24. Ke2 Bg1 25. Kf3 Qc5 26. Bc6 Rxc6 27. Rxg1 Rb6 28. Qd1 Rb4 29. Re1 Rd4 30. Qc1 Qxd5+ 31. Kg3 Rd2 0-1

[Event "POL-chT 2nd League"]
[Site "Jastrzebia Gora"]
[Date "2015.09.09"]
[Round "5.107"]
[White "Herman, Monika"]
[Black "Stolarczyk, Adam"]
[Result "0-1"]
[WhiteElo "1735"]
[BlackElo "2160"]
[PlyCount "98"]
[EventDate "2015.09.05"]
[EventType "team-swiss"]
[EventRounds "9"]
[EventCountry "POL"]
[SourceTitle "EXT 2017"]
[Source "ChessBase"]
[SourceDate "2016.10.25"]
[SourceVersion "1"]
[SourceVersionDate "2016.10.25"]
[SourceQuality "1"]
[WhiteTeam "Warszawa Skoczek Trojanski"]
[BlackTeam "Swiecie Gambit"]
[WhiteTeamCountry "POL"]
[BlackTeamCountry "POL"]

1. d4 Nf6 2. Nf3 d6 3. Bf4 g6 4. e3 Bg7 5. h3 0-0 6. Be2 Nbd7 7. c3 Qe8 8. Bh2 e5 9. dxe5 dxe5 10. 0-0 Ne4 11. Nbd2 Nd6 12. Nc4 Nxc4 13. Bxc4 Nb6 14. Bb3 a5 15. Bc2 Qe7 16. Qe2 Be6 17. Rfd1 Bc4 18. Qe1 Kh8 19. b3 e4 20. Nd4 Ba6 21. Rac1 Rfe8 22. c4 Qc5 23. Rd2 Re7 24. Rcd1 Rae8 25. Ne2 Qb4 26. Qf1 h6 27. Rd8 Rxd8 28. Rxd8+ Kh7 29. Qd1 f5 30. h4 h5 31. Bf4 a4 32. Kh1 Rf7 33. Ng1 Bf6 34. Re8 Rd7 35. Qb1 a3 36. Nh3 Qc3 37. Ng5+ Kg7 38. Bxe4 Qb2 39. Qe1 Bc3 40. Qxc3+ Qxc3 41. Be5+ Qxe5 42. Rxe5 fxe4 43. Rxe4 Nc8 44. Rd4 Rxd4 45. Ne6+ Kf6 46. Nxd4 Nd6 47. Nc2 b5 48. Nxa3 bxc4 49. bxc4 Nxc4 0-1

[Event "POL-chT 2nd League"]
[Site "Jastrzebia Gora"]
[Date "2015.09.05"]
[Round "1.107"]
[White "Kanarkiewicz, Michal"]
[Black "Herman, Monika"]
[Result "1-0"]
[WhiteElo "2077"]
[BlackElo "1735"]
[PlyCount "79"]
[EventDate "2015.09.05"]
[EventType "team-swiss"]
[EventRounds "9"]
[EventCountry "POL"]
[SourceTitle "EXT 2017"]
[Source "ChessBase"]
[SourceDate "2016.10.25"]
[SourceVersion "1"]
[SourceVersionDate "2016.10.25"]
[SourceQuality "1"]
[WhiteTeam "Debica Gryf"]
[BlackTeam "Warszawa Skoczek Trojanski"]
[WhiteTeamCountry "POL"]
[BlackTeamCountry "POL"]

1. e4 c5 2. b3 d6 3. Bb2 Nc6 4. f4 Qc7 5. Nc3 Nf6 6. Nf3 Bg4 7. Bb5 a6 8. Bxc6+ Qxc6 9. h3 Bd7 10. d3 e6 11. g4 0-0-0 12. Qe2 Rg8 13. 0-0-0 d5 14. Ne5 Qc7 15. g5 d4 16. Nb1 Ne8 17. Nd2 Bc6 18. Qh5 h6 19. Qxf7 Qxf7 20. Nxf7 Rd7 21. Ne5 Rc7 22. h4 g6 23. Rdf1 h5 24. Rf2 Nd6 25. Rhf1 b5 26. Kd1 a5 27. Ke2 Kb8 28. c3 dxc3 29. Bxc3 b4 30. Bb2 Bb7 31. Ndc4 Nxc4 32. Nxc4 a4 33. Be5 a3 34. f5 exf5 35. exf5 Bg7 36. f6 Re8 37. fxg7 Rxe5+ 38. Nxe5 Rxg7 39. Rf8+ Ka7 40. R1f7 1-0

[Event "Warsaw YMCA Winter 149th"]
[Site "Warsaw"]
[Date "2015.02.11"]
[Round "6"]
[White "Herman, Monika"]
[Black "Chomiuk, Lukasz"]
[Result "0-1"]
[WhiteElo "1726"]
[BlackElo "1668"]
[PlyCount "104"]
[EventDate "2015.01.07"]
[EventType "tourn"]
[EventRounds "13"]
[EventCountry "POL"]
[SourceTitle "EXT 2019"]
[Source "ChessBase"]
[SourceDate "2018.10.10"]
[SourceVersion "1"]
[SourceVersionDate "2018.10.10"]
[SourceQuality "1"]

1. d4 g6 2. Nf3 Bg7 3. Bf4 d6 4. h3 Nf6 5. e3 0-0 6. Be2 b6 7. c3 Bb7 8. Nbd2 Nbd7 9. 0-0 Ne4 10. Nxe4 Bxe4 11. Nd2 Bb7 12. a4 e5 13. Bh2 a5 14. Bf3 Bxf3 15. Qxf3 f5 16. Qd5+ Kh8 17. dxe5 Bxe5 18. Bxe5+ Nxe5 19. Nc4 Nxc4 20. Qxc4 Qe7 21. Rfc1 Qf7 22. Qd4+ Kg8 23. Rc2 Qb3 24. Rd2 Rae8 25. Qd5+ Qxd5 26. Rxd5 Re4 27. Rd4 Rfe8 28. Kf1 Kf7 29. b3 R8e5 30. Rad1 Ke7 31. R4d3 b5 32. axb5 Rxb5 33. c4 Rb4 34. c5 Re6 35. cxd6+ Rxd6 36. Rxd6 cxd6 37. Rd5 Rxb3 38. Rxa5 Ke6 39. Ke2 Rb2+ 40. Kf3 Rd2 41. g4 fxg4+ 42. hxg4 Rd5 43. Rxd5 Kxd5 44. g5 Ke5 45. Ke2 Kf5 46. f4 Ke4 47. Kd2 d5 48. Ke2 d4 49. exd4 Kxf4 50. d5 Ke5 51. Kf3 Kxd5 52. Kf4 Kd4 0-1

[Event "Warsaw YMCA Winter 149th"]
[Site "Warsaw"]
[Date "2015.02.10"]
[Round "5"]
[White "Bartczak, Hanna"]
[Black "Herman, Monika"]
[Result "0-1"]
[WhiteElo "1615"]
[BlackElo "1726"]
[PlyCount "68"]
[EventDate "2015.01.07"]
[EventType "tourn"]
[EventRounds "13"]
[EventCountry "POL"]
[SourceTitle "EXT 2019"]
[Source "ChessBase"]
[SourceDate "2018.10.10"]
[SourceVersion "1"]
[SourceVersionDate "2018.10.10"]
[SourceQuality "1"]

1. Nf3 Nf6 2. c4 c5 3. g3 g6 4. Bg2 Bg7 5. 0-0 0-0 6. Nc3 Nc6 7. d3 d6 8. Bd2 a6 9. Qc1 Re8 10. Ng5 Bd7 11. Rb1 Rb8 12. Nd5 Nd4 13. Re1 b5 14. e3 Ne6 15. e4 Nxg5 16. Bxg5 Nxd5 17. exd5 b4 18. Re2 Bf6 19. Bxf6 exf6 20. Qd2 Rxe2 21. Qxe2 Qa5 22. b3 Re8 23. Qd2 Re7 24. Ra1 Qd8 25. f4 Qe8 26. Kf2 Kg7 27. Bf3 a5 28. d4 Qc8 29. a3 Bf5 30. axb4 axb4 31. dxc5 Qxc5+ 32. Kg2 Re3 33. Qb2 Rc3 34. Rc1 Qe3 0-1

[Event "Warsaw YMCA Winter 149th"]
[Site "Warsaw"]
[Date "2015.01.07"]
[Round "1"]
[White "Herman, Monika"]
[Black "Palka, Dominika"]
[Result "1/2-1/2"]
[WhiteElo "1726"]
[BlackElo "1752"]
[PlyCount "104"]
[EventDate "2015.01.07"]
[EventType "tourn"]
[EventRounds "13"]
[EventCountry "POL"]
[SourceTitle "EXT 2019"]
[Source "ChessBase"]
[SourceDate "2018.10.10"]
[SourceVersion "1"]
[SourceVersionDate "2018.10.10"]
[SourceQuality "1"]

1. d4 Nf6 2. Nf3 d6 3. Bf4 Bg4 4. e3 Nbd7 5. Be2 g6 6. h3 Bxf3 7. Bxf3 e5 8. dxe5 dxe5 9. Bh2 e4 10. Be2 Bg7 11. Nc3 0-0 12. 0-0 c6 13. Qd2 Re8 14. Rad1 Qe7 15. Bc4 Ne5 16. Qd4 Nxc4 17. Qxc4 Nd7 18. Bd6 Nb6 19. Bxe7 Nxc4 20. Rd7 f5 21. Ne2 Rab8 22. Bc5 Nb6 23. Bxb6 axb6 24. b3 Red8 25. Rfd1 Rxd7 26. Rxd7 Ra8 27. a4 b5 28. axb5 Ra1+ 29. Kh2 cxb5 30. Rxb7 Ra2 31. Nd4 Be5+ 32. g3 Bxd4 33. exd4 Rxc2 34. Kg1 Rc1+ 35. Kg2 Rd1 36. Rxb5 Kf7 37. d5 Ke7 38. Rb7+ Kd6 39. Rxh7 g5 40. Rg7 f4 41. Rg6+ Kc5 42. gxf4 gxf4 43. Rg4 f3+ 44. Kg3 Kxd5 45. Kf4 Rd2 46. Kg3 Rb2 47. Rg8 Rxb3 48. Kf4 Rb2 49. Rd8+ Ke6 50. Kxe4 Rxf2 51. Ke3 Rh2 52. Kxf3 Rxh3+ 1/2-1/2

[Event "Warsaw YMCA Autumn-C 145th"]
[Site "Warsaw"]
[Date "2014.10.29"]
[Round "12"]
[White "Rodak, Przemyslaw"]
[Black "Herman, Monika"]
[Result "1/2-1/2"]
[WhiteElo "1664"]
[BlackElo "1728"]
[PlyCount "39"]
[EventDate "2014.09.16"]
[EventType "tourn"]
[EventRounds "13"]
[EventCountry "POL"]
[SourceTitle "EXT 2019"]
[Source "ChessBase"]
[SourceDate "2018.10.10"]
[SourceVersion "1"]
[SourceVersionDate "2018.10.10"]
[SourceQuality "1"]

1. d4 Nf6 2. Bf4 e6 3. e3 b6 4. Nf3 Bb7 5. Be2 Be7 6. 0-0 0-0 7. h3 h6 8. c4 d5 9. Nc3 dxc4 10. Bxc4 Nd5 11. Nxd5 Bxd5 12. Bxd5 exd5 13. Rc1 Bd6 14. Bxd6 Qxd6 15. Ne5 c5 16. Qf3 Na6 17. a3 Nc7 18. Qh5 Ne6 19. dxc5 bxc5 20. Rfd1 1/2-1/2

[Event "Warsaw YMCA Autumn-C 145th"]
[Site "Warsaw"]
[Date "2014.10.22"]
[Round "6"]
[White "Wilczynski, Adam"]
[Black "Herman, Monika"]
[Result "1/2-1/2"]
[WhiteElo "1660"]
[BlackElo "1728"]
[PlyCount "53"]
[EventDate "2014.09.16"]
[EventType "tourn"]
[EventRounds "13"]
[EventCountry "POL"]
[SourceTitle "EXT 2019"]
[Source "ChessBase"]
[SourceDate "2018.10.10"]
[SourceVersion "1"]
[SourceVersionDate "2018.10.10"]
[SourceQuality "1"]

1. Nf3 Nf6 2. c4 c5 3. Nc3 Nc6 4. g3 g6 5. d4 cxd4 6. Nxd4 Bg7 7. Bg2 0-0 8. 0-0 Ng4 9. e3 d6 10. Nxc6 bxc6 11. Bxc6 Rb8 12. Bg2 Ne5 13. Qe2 Ba6 14. Nb5 Nxc4 15. a4 Ne5 16. Bd2 Qb6 17. Bc3 Nd7 18. Bxg7 Kxg7 19. Rfd1 Nc5 20. Qc2 Rfc8 21. Rdb1 Ne6 22. Qd2 Bxb5 23. axb5 Nc7 24. Bf1 Nxb5 25. Bxb5 Qxb5 26. Rxa7 Rb7 27. Rxb7 1/2-1/2

[Event "Warsaw YMCA Autumn-C 145th"]
[Site "Warsaw"]
[Date "2014.09.17"]
[Round "1"]
[White "Herman, Monika"]
[Black "Pajak, Jakub Lech"]
[Result "1/2-1/2"]
[WhiteElo "1728"]
[BlackElo "1749"]
[PlyCount "91"]
[EventDate "2014.09.16"]
[EventType "tourn"]
[EventRounds "13"]
[EventCountry "POL"]
[SourceTitle "EXT 2019"]
[Source "ChessBase"]
[SourceDate "2018.10.10"]
[SourceVersion "1"]
[SourceVersionDate "2018.10.10"]
[SourceQuality "1"]

1. d4 d5 2. Bf4 c5 3. e3 Nc6 4. c3 e6 5. Nf3 Bd6 6. Bg3 Nf6 7. Nbd2 c4 8. Be2 0-0 9. Qc2 b5 10. e4 dxe4 11. Nxe4 Nxe4 12. Qxe4 Bb7 13. Bh4 Be7 14. Bxe7 Qxe7 15. Qc2 Rad8 16. a4 a6 17. h4 e5 18. dxe5 Nxe5 19. Nd4 Bxg2 20. 0-0-0 Bxh1 21. Rxh1 Qf6 22. axb5 axb5 23. f3 Ra8 24. Kb1 Qa6 25. Kc1 Ra7 26. Rg1 Qh6+ 27. Kb1 Rfa8 28. Qe4 Ng6 29. Nxb5 Ra1+ 30. Kc2 Rxg1 31. Qxa8+ Nf8 32. Bxc4 Rg2+ 33. Kb3 Qd2 34. Qe8 Qxb2+ 35. Ka4 Qa1+ 36. Kb4 Qb1+ 37. Kc5 Qf5+ 38. Bd5 Rd2 39. c4 Qd7 40. Qb8 g6 41. Nd6 Kg7 42. Ne8+ Kg8 43. Nf6+ Kg7 44. Ne8+ Kg8 45. Nf6+ Kg7 46. Ne8+ 1/2-1/2

[Event "POL-chT 2nd League"]
[Site "Szczyrk"]
[Date "2014.09.14"]
[Round "9.66"]
[White "Jurkiewicz, Joanna"]
[Black "Herman, Monika"]
[Result "0-1"]
[WhiteElo "1772"]
[BlackElo "1728"]
[PlyCount "60"]
[EventDate "2014.09.06"]
[EventType "team-swiss"]
[EventRounds "9"]
[EventCountry "POL"]
[SourceTitle "EXT 2015"]
[Source "ChessBase"]
[SourceDate "2014.11.20"]
[SourceVersion "1"]
[SourceVersionDate "2014.11.20"]
[SourceQuality "1"]
[WhiteTeam "Kolbudy UKS Zawisza"]
[BlackTeam "Chylice KS Laura"]
[WhiteTeamCountry "POL"]
[BlackTeamCountry "POL"]

1. e4 e5 2. Nf3 Nc6 3. Bc4 Nf6 4. d3 Be7 5. 0-0 d6 6. c3 0-0 7. Bb3 h6 8. Re1 Bg4 9. h3 Bh5 10. Nbd2 a6 11. Nf1 b5 12. Ng3 Bg6 13. Nh4 Bh7 14. Nhf5 Qd7 15. Nxe7+ Nxe7 16. Qf3 Ne8 17. a4 Rb8 18. axb5 axb5 19. Be3 Kh8 20. d4 f5 21. dxe5 dxe5 22. exf5 Nxf5 23. Nxf5 Rxf5 24. Qe2 Nd6 25. Red1 Rbf8 26. Bc2 R5f6 27. Bxh7 Kxh7 28. Bc5 Rg6 29. Kh1 Qc6 30. f4 Qxc5 0-1

[Event "POL-chT 2nd League"]
[Site "Szczyrk"]
[Date "2014.09.09"]
[Round "4.96"]
[White "Humin, Julia"]
[Black "Herman, Monika"]
[Result "1/2-1/2"]
[WhiteElo "1600"]
[BlackElo "1728"]
[PlyCount "187"]
[EventDate "2014.09.06"]
[EventType "team-swiss"]
[EventRounds "9"]
[EventCountry "POL"]
[SourceTitle "EXT 2015"]
[Source "ChessBase"]
[SourceDate "2014.11.20"]
[SourceVersion "1"]
[SourceVersionDate "2014.11.20"]
[SourceQuality "1"]
[WhiteTeam "Bydgoszcz Hetman"]
[BlackTeam "Chylice KS Laura"]
[WhiteTeamCountry "POL"]
[BlackTeamCountry "POL"]

1. e4 e5 2. f4 exf4 3. Nf3 d6 4. Bc4 h6 5. d4 g5 6. 0-0 Bg7 7. g3 g4 8. Nh4 f3 9. Nc3 c6 10. Bf4 Ne7 11. Qd2 a5 12. a4 Na6 13. d5 Qb6+ 14. Be3 Qb4 15. Bd4 Bxd4+ 16. Qxd4 Qc5 17. Rad1 Qxd4+ 18. Rxd4 c5 19. Rd2 f6 20. Nd1 Nb8 21. Ne3 Kf7 22. Bb5 h5 23. Re1 Rd8 24. Nc4 Ng6 25. Nf5 Bxf5 26. exf5 Ne5 27. Nb6 Ra7 28. h3 f2+ 29. Rxf2 Nf3+ 30. Rxf3 gxf3 31. Kf2 Na6 32. Kxf3 Nc7 33. Bd7 Ra6 34. Be6+ Kg7 35. Nc4 Re8 36. Re4 b5 37. axb5 Nxb5 38. c3 a4 39. g4 h4 40. Re1 a3 41. bxa3 Nxa3 42. Ne3 Rb8 43. Rg1 Rb3 44. g5 Rxc3 45. gxf6+ Kxf6 46. Rg6+ Ke5 47. Bd7 Nc2 48. Re6+ Kd4 49. Re4+ Kd3 50. Bb5+ Kd2 51. Bxa6 Nxe3 52. Kf2 Nxf5 53. Bc8 Ne3 54. Re6 Nd1+ 55. Kf1 Rf3+ 56. Kg2 Rg3+ 57. Kh2 c4 58. Ba6 Re3 59. Bxc4 Nf2 60. Bf1 Rg3 61. Bg2 Nd3 62. Rxd6 Ne1 63. Bh1 Nc2 64. Rf6 Ne3 65. Be4 Ke1 66. Rf3 Nf1+ 67. Kh1 Rg7 68. Bd3 Ng3+ 69. Kh2 Rd7 70. Bc4 Rc7 71. Rf4 Rc8 72. Rxh4 Nf1+ 73. Bxf1 Kxf1 74. Rf4+ Ke2 75. Rd4 Ke3 76. Rd1 Rg8 77. Rg1 Rd8 78. Re1+ Kf2 79. Re5 Kf3 80. Rf5+ Ke4 81. Rg5 Rxd5 82. Rg4+ Kf5 83. Kg3 Rd3+ 84. Kh4 Re3 85. Rg8 Kf6 86. Rg4 Kf5 87. Rg8 Kf6 88. Rg1 Kf5 89. Rg2 Re8 90. Rg5+ Kf4 91. Rg4+ Kf5 92. Rg5+ Kf4 93. Rg4+ Kf5 94. Rg5+ 1/2-1/2

[Event "Warsaw YMCA Spring-D 141st"]
[Site "Warsaw"]
[Date "2014.06.10"]
[Round "10"]
[White "Budrewicz, Henryk"]
[Black "Herman, Monika"]
[Result "1-0"]
[WhiteElo "1499"]
[BlackElo "1676"]
[PlyCount "87"]
[EventDate "2014.04.08"]
[EventType "tourn"]
[EventRounds "11"]
[EventCountry "POL"]
[SourceTitle "EXT 2015"]
[Source "ChessBase"]
[SourceDate "2014.11.20"]
[SourceVersion "1"]
[SourceVersionDate "2014.11.20"]
[SourceQuality "1"]

1. d4 Nf6 2. Nf3 e6 3. Bf4 d5 4. e3 c5 5. c3 c4 6. h3 Be7 7. Nbd2 Nc6 8. Qc2 h6 9. Be2 a5 10. a4 Bd6 11. Ne5 Qc7 12. Ndf3 Nd7 13. Ng6 fxg6 14. Qxg6+ Kf8 15. Qxe6 Bxf4 16. Nh4 Ne7 17. exf4 Nc5 18. Qe3 Nb3 19. Rd1 Ra6 20. 0-0 Nf5 21. Nxf5 Bxf5 22. Qe5 Qxe5 23. fxe5 Bc2 24. f4 Bxd1 25. Rxd1 g6 26. Bf3 Rh7 27. Bxd5 Rc7 28. g4 Rb6 29. f5 gxf5 30. gxf5 Nxd4 31. Rxd4 Rg7+ 32. Kf2 Rg5 33. Be4 Rxb2+ 34. Kf3 Rbg2 35. Ke3 R2g3+ 36. Kd2 Rh5 37. Rxc4 Rhxh3 38. Kc2 Rh2+ 39. Kb3 Re3 40. Rc8+ Ke7 41. f6+ Ke6 42. Re8+ Kf7 43. Re7+ Kf8 44. Bg6 1-0

[Event "Warsaw YMCA Spring-D 141st"]
[Site "Warsaw"]
[Date "2014.06.03"]
[Round "9"]
[White "Sobotka, Jan"]
[Black "Herman, Monika"]
[Result "1/2-1/2"]
[WhiteElo "1600"]
[BlackElo "1676"]
[PlyCount "131"]
[EventDate "2014.04.08"]
[EventType "tourn"]
[EventRounds "11"]
[EventCountry "POL"]
[SourceTitle "EXT 2015"]
[Source "ChessBase"]
[SourceDate "2014.11.20"]
[SourceVersion "1"]
[SourceVersionDate "2014.11.20"]
[SourceQuality "1"]

1. d4 Nf6 2. c4 e6 3. Nf3 Bb4+ 4. Bd2 Qe7 5. Nc3 0-0 6. g3 d6 7. Bg2 e5 8. 0-0 a5 9. a3 Bxc3 10. Bxc3 e4 11. Nd2 e3 12. fxe3 Qxe3+ 13. Kh1 Ng4 14. Qe1 Qh6 15. Nf3 Ne3 16. Bd2 Nxg2 17. Kxg2 Bh3+ 18. Kg1 Qh5 19. Rf2 h6 20. Rc1 Nd7 21. b4 axb4 22. axb4 Nf6 23. Nh4 Ne4 24. Rf3 Nxd2 25. Qxd2 Ra4 26. Ng2 Bxg2 27. Kxg2 Rfa8 28. c5 Qd5 29. cxd6 Qxd6 30. Qf4 Qxf4 31. Rxf4 c6 32. Rb1 Ra2 33. Re4 Kf8 34. b5 Re8 35. Rxe8+ Kxe8 36. Kf3 Ra7 37. bxc6 bxc6 38. Rb8+ Ke7 39. h4 Rd7 40. Ke4 h5 41. e3 g6 42. Kf4 f6 43. Rc8 Rd6 44. Rc7+ Kf8 45. g4 hxg4 46. Kxg4 Re6 47. Kf4 f5 48. Kg5 Kg8 49. Kh6 Kf8 50. Ra7 Rf6 51. Rc7 Re6 52. Kg5 Kg8 53. h5 gxh5 54. Kxh5 Rxe3 55. Kg6 Re6+ 56. Kxf5 Rd6 57. Ke5 Rh6 58. Re7 Rh5+ 59. Ke4 Rh6 60. Kd3 Kf8 61. Ra7 Ke8 62. Kc4 Kd8 63. Kc5 Rf6 64. Rh7 Kc8 65. Kb6 Kd8 66. Kc5 1/2-1/2

[Event "Warsaw YMCA Spring-D 141st"]
[Site "Warsaw"]
[Date "2014.05.20"]
[Round "7"]
[White "Bartczak, Hanna"]
[Black "Herman, Monika"]
[Result "1/2-1/2"]
[WhiteElo "1577"]
[BlackElo "1676"]
[PlyCount "120"]
[EventDate "2014.04.08"]
[EventType "tourn"]
[EventRounds "11"]
[EventCountry "POL"]
[SourceTitle "EXT 2015"]
[Source "ChessBase"]
[SourceDate "2014.11.20"]
[SourceVersion "1"]
[SourceVersionDate "2014.11.20"]
[SourceQuality "1"]

1. Nf3 Nf6 2. c4 e6 3. d4 Bb4+ 4. Bd2 Qe7 5. Nc3 0-0 6. a3 Bxc3 7. Bxc3 Ne4 8. Bb4 d6 9. e3 a5 10. Bd2 Nxd2 11. Qxd2 a4 12. Bd3 e5 13. Qc2 f5 14. Be2 Nd7 15. 0-0 b6 16. Rfe1 e4 17. Nd2 Qg5 18. Nb1 Nf6 19. Nc3 Bd7 20. Bd1 h5 21. Nb5 Ra5 22. Qe2 h4 23. Nxc7 f4 24. exf4 Qxf4 25. Nd5 Nxd5 26. cxd5 Rxd5 27. Qe3 Rdf5 28. f3 Bc6 29. Bc2 h3 30. Qxf4 Rxf4 31. Bxe4 Bxe4 32. Rxe4 hxg2 33. Rxf4 Rxf4 34. Rd1 Rxf3 35. Kxg2 Rb3 36. Rd2 Kf7 37. Kf2 Ke6 38. Ke1 Kf5 39. Kd1 g5 40. Kc2 g4 41. Re2 Rh3 42. Kd1 Kf4 43. Rg2 Rb3 44. Kc2 Kf3 45. Rg3+ Kf4 46. Rg2 d5 47. Re2 Re3 48. Rg2 Rh3 49. Kd2 Kf3 50. Re2 Kf4 51. Rg2 g3 52. hxg3+ Rxg3 53. Re2 Rb3 54. Kc2 Re3 55. Rh2 Kf5 56. Rh5+ Ke4 57. Rh4+ Kf3 58. Rh3+ Kf4 59. Rh5 Ke4 60. Rh4+ Kf3 1/2-1/2